[Event "MTO"]
[Site "?"]
[Date "2021.07.28"]
[Round "3.101"]
[White "Salem Saleh"]
[Black "Puranik Abhimanyu"]
[Result "1-0"]
[WhiteElo "2682"]
[BlackElo "2589"]
[PlyCount "133"]
[EventDate "2021.??.??"]
[WhiteTeam "Vereinigte Arabische Emirate"]
[BlackTeam "Indien"]
[WhiteTeamCountry "UAE"]
[BlackTeamCountry "IND"]

1. d4 Nf6 2. c4 g6 3. Nc3 d5 4. cxd5 Nxd5 5. e4 Nxc3 6. bxc3 Bg7 7. Bc4 c5 8.
Ne2 Nc6 9. Be3 e6 10. O-O O-O 11. Rc1 Qa5 12. Rb1 cxd4 13. cxd4 Rd8 14. a4 Qc7
15. Bg5 Rd7 16. d5 Nd4 17. Rc1 Qe5 18. Be3 Nxe2+ 19. Qxe2 Qxe4 20. dxe6 fxe6
21. Bb5 Rd5 22. Rfd1 a6 23. Bc4 Rxd1+ 24. Qxd1 Bf6 25. a5 Qe5 26. Bb3 Be7 27.
h3 Kf7 28. Bb6 Bd6 29. g3 Bd7 30. Be3 Bc6 31. Rxc6 bxc6 32. Bf4 Qc3 33. Bxe6+
Kxe6 34. Qxd6+ Kf5 35. Qe7 h5 36. Qg5+ Ke6 37. Qxg6+ Qf6 38. Qxh5 Qf5 39. Qe2+
Kf7 40. Qc4+ Qd5 41. Qc2 Rh8 42. h4 c5 43. Bg5 Re8 44. Qh7+ Ke6 45. Bf4 c4 46.
Kh2 Qf5 47. Qc7 Qd5 48. Qg7 Qf5 49. Be3 Qe4 50. h5 Rb8 51. Bg5 Qf5 52. Qe7+ Kd5
53. Be3 Kc6 54. g4 Qxg4 55. Qc5+ Kd7 56. Qd5+ Kc7 57. Qe5+ Kb7 58. Qd5+ Kc7 59.
Qc5+ Kd7 60. Qa7+ Kc8 61. Qxa6+ Kd7 62. Qa7+ Kc8 63. Qc5+ Kd7 64. Qd5+ Kc7 65.
Qe5+ Kc8 66. Bf4 Qh4+ 67. Kg2 1-0

[Event "MTO"]
[Site "?"]
[Date "2021.07.28"]
[Round "3.102"]
[White "Fedorchuk Sergey"]
[Black "Eljanov Pavel"]
[Result "1/2-1/2"]
[WhiteElo "2598"]
[BlackElo "2671"]
[Annotator "olive"]
[PlyCount "64"]
[EventDate "2021.??.??"]
[WhiteTeam "Ukraine"]
[BlackTeam "Ukraine"]
[WhiteTeamCountry "UKR"]
[BlackTeamCountry "UKR"]

1. e4 e5 2. Nf3 Nc6 3. Bb5 a6 4. Ba4 Nf6 5. O-O Be7 6. d3 b5 7. Bb3 d6 8. a4
Bd7 9. c3 O-O 10. Re1 h6 11. h3 Re8 12. Nbd2 Bf8 13. Nf1 Na5 14. Bc2 c5 15. d4
cxd4 16. cxd4 Qc7 17. d5 Rec8 18. Ne3 bxa4 19. Bxa4 Nb7 20. Bxd7 Qxd7 21. Nd2
Nc5 22. Qf3 Qb5 23. Nec4 a5 24. Ra3 a4 25. Rc3 Qb4 26. Na3 Nb3 27. Ndc4 Nd4 28.
Qd3 Nd7 29. Bd2 Nc5 30. Qg3 h5 31. Rce3 Qb7 32. Bc3 Ncb3 {Rest is
undecipherable.} 1/2-1/2

[Event "MTO"]
[Site "?"]
[Date "2021.07.28"]
[Round "3.103"]
[White "Chithambaram Aravindh"]
[Black "Yuffa Daniil"]
[Result "1/2-1/2"]
[WhiteElo "2641"]
[BlackElo "2578"]
[PlyCount "62"]
[EventDate "2021.??.??"]
[WhiteTeam "Indien"]
[BlackTeam "Russland"]
[WhiteTeamCountry "IND"]
[BlackTeamCountry "RUS"]

1. d4 d5 2. c4 c6 3. Nf3 Nf6 4. Nc3 dxc4 5. a4 e6 6. e3 c5 7. Bxc4 Nc6 8. O-O
Be7 9. Qe2 cxd4 10. Rd1 O-O 11. exd4 Nb4 12. Bg5 Bd7 13. Ne5 Rc8 14. d5 exd5
15. Nxd7 Qxd7 16. Bxf6 Bxf6 17. Nxd5 Nxd5 18. Bxd5 Qc7 19. g3 Rfe8 20. Qb5 Re7
21. Re1 b6 22. Rad1 g6 23. b3 Kg7 24. Rxe7 Bxe7 25. Bc4 Rd8 26. Rxd8 Qxd8 27.
Qd5 Qxd5 28. Bxd5 a5 29. Kg2 Bd6 30. Bc4 Be7 31. Bd5 Bd6 1/2-1/2

[Event "MTO"]
[Site "?"]
[Date "2021.07.28"]
[Round "3.104"]
[White "Wagner Dennis"]
[Black "Banusz Tamas"]
[Result "1/2-1/2"]
[WhiteElo "2572"]
[BlackElo "2631"]
[PlyCount "46"]
[EventDate "2021.??.??"]
[WhiteTeam "Deutschland"]
[BlackTeam "Ungarn"]
[WhiteTeamCountry "GER"]
[BlackTeamCountry "HUN"]

1. e4 e5 2. Nf3 Nf6 3. Nxe5 d6 4. Nf3 Nxe4 5. d4 d5 6. Bd3 Bd6 7. O-O O-O 8. c4
c6 9. Nc3 Nxc3 10. bxc3 dxc4 11. Bxc4 Bf5 12. Bg5 Qa5 13. d5 Qc5 14. Bb3 cxd5
15. Bxd5 Nc6 16. Be3 Qa3 17. Nh4 Bc8 18. Bb3 Ne5 19. h3 Be6 20. Bd4 Nc6 21.
Bxe6 fxe6 22. Qg4 Nxd4 23. cxd4 Rae8 1/2-1/2

[Event "MTO"]
[Site "?"]
[Date "2021.07.28"]
[Round "3.105"]
[White "Valsecchi Alessio"]
[Black "Ganguly Surya Shekhar"]
[Result "0-1"]
[WhiteElo "2527"]
[BlackElo "2625"]
[PlyCount "80"]
[EventDate "2021.??.??"]
[WhiteTeam "Italien"]
[BlackTeam "Indien"]
[WhiteTeamCountry "ITA"]
[BlackTeamCountry "IND"]

1. c4 Nf6 2. Nc3 e6 3. e4 d5 4. e5 d4 5. exf6 dxc3 6. bxc3 Qxf6 7. d4 b6 8. Be2
Bb7 9. Bf3 Bxf3 10. Nxf3 Bd6 11. Qa4+ c6 12. O-O O-O 13. Bg5 Qf5 14. Bh4 b5 15.
Qb3 Nd7 16. c5 Bf4 17. a4 a6 18. Bg3 e5 19. Rae1 Rfe8 20. Bxf4 Qxf4 21. Re3 e4
22. Rfe1 Nf6 23. g3 Qf5 24. Qc2 Qh5 25. Ne5 Rxe5 26. dxe5 Ng4 27. Rxe4 Qxh2+
28. Kf1 Re8 29. e6 f5 30. Re5 f4 31. gxf4 Nxe5 32. Rxe5 Qxf4 33. Qe2 bxa4 34.
Re3 a3 35. Qxa6 Rf8 36. Qe2 Qh2 37. Qd2 Qh1+ 38. Ke2 Qg1 39. Rf3 Qg4 40. Qd3
Qxf3+ 0-1

[Event "MTO"]
[Site "?"]
[Date "2021.07.28"]
[Round "3.106"]
[White "Narayanan S.L."]
[Black "Dragnev Valentin"]
[Result "1/2-1/2"]
[WhiteElo "2624"]
[BlackElo "2569"]
[PlyCount "199"]
[EventDate "2021.??.??"]
[WhiteTeam "Indien"]
[BlackTeam "Österreich"]
[WhiteTeamCountry "IND"]
[BlackTeamCountry "AUT"]

1. d4 Nf6 2. c4 g6 3. Nc3 d5 4. cxd5 Nxd5 5. e4 Nxc3 6. bxc3 Bg7 7. Bc4 c5 8.
Ne2 O-O 9. O-O Nc6 10. Be3 b6 11. Rc1 Bb7 12. Bb5 Rc8 13. dxc5 Qc7 14. cxb6
axb6 15. f3 Ne5 16. Qb3 Nc4 17. Bxc4 Qxc4 18. Qxc4 Rxc4 19. Bxb6 Ba6 20. Rc2
Rc6 21. Bd4 e5 22. Be3 Ra8 23. Ra1 Bd3 24. Rd2 Bc4 25. Rad1 Rcc8 26. Nc1 h5 27.
Bg5 f6 28. Be3 Be6 29. Rd3 Bc4 30. Rd6 Bf7 31. R1d3 Bc4 32. Rd2 Bf7 33. Rc2 Ra3
34. Nb3 Ra4 35. Bb6 Kh7 36. Rd8 Rc6 37. Be3 f5 38. Rd7 Kg8 39. Rd8+ Kh7 40. Rd7
Kg8 41. exf5 gxf5 42. Ra7 Rxa7 43. Bxa7 e4 44. fxe4 fxe4 45. Be3 Rxc3 46. Rxc3
Bxc3 47. Kf2 Kg7 48. Bd4+ Bxd4+ 49. Nxd4 Bxa2 50. Ke3 Kf6 51. Kxe4 Kg5 52. Nf3+
Kg4 53. Ne5+ Kg5 54. h4+ Kf6 55. Nd7+ Ke6 56. Nc5+ Kd6 57. Kd4 Bd5 58. g3 Bf3
59. Ke3 Bd1 60. Nd3 Ke6 61. Kf4 Kf6 62. Nb4 Bb3 63. Ke4 Bc4 64. Nc6 Bf1 65. Kf4
Bc4 66. Nb4 Bb3 67. Nd3 Bd5 68. Nf2 Bg2 69. Nd1 Bd5 70. Ne3 Ba2 71. Nf5 Bd5 72.
Nd4 Ba8 73. Nb5 Bh1 74. Nc7 Bc6 75. Na6 Bh1 76. Nb8 Bg2 77. Nd7+ Ke7 78. Nb6
Kf6 79. Nc8 Bh1 80. Nd6 Bc6 81. Nc4 Bh1 82. Ne5 Bg2 83. Nd7+ Ke7 84. Nb6 Kf6
85. Nc4 Bh1 86. Ne3 Ba8 87. Nd1 Bd5 88. Nf2 Ba8 89. Ne4+ Bxe4 90. Kxe4 Ke6 91.
Kf4 Kf6 92. g4 hxg4 93. Kxg4 Kg6 94. h5+ Kh7 95. Kg5 Kg7 96. h6+ Kh7 97. Kh5
Kh8 98. Kg6 Kg8 99. h7+ Kh8 100. Kh6 1/2-1/2

[Event "MTO"]
[Site "?"]
[Date "2021.07.28"]
[Round "3.107"]
[White "Chigaev Maksim"]
[Black "Vaishali R"]
[Result "1/2-1/2"]
[WhiteElo "2630"]
[BlackElo "2393"]
[PlyCount "109"]
[EventDate "2021.??.??"]
[WhiteTeam "Russland"]
[BlackTeam "Indien"]
[WhiteTeamCountry "RUS"]
[BlackTeamCountry "IND"]

1. c4 e5 2. Nc3 Bb4 3. g3 Bxc3 4. bxc3 d6 5. Bg2 Nc6 6. d3 f5 7. f4 Nf6 8. fxe5
Nxe5 9. Nh3 O-O 10. O-O Rb8 11. Nf4 b6 12. Nd5 Nxd5 13. cxd5 Qe7 14. Qd2 Bd7
15. Qg5 Rf6 16. Qe3 Rf7 17. Qd4 Re8 18. h3 Ng6 19. Rf2 h5 20. h4 f4 21. Bxf4
Nxf4 22. gxf4 Qxh4 23. Raf1 Ref8 24. Qe3 g5 25. fxg5 Rxf2 26. Rxf2 Rxf2 27.
Qxf2 Qxg5 28. d4 Qc1+ 29. Kh2 Qxc3 30. Qf6 Bg4 31. e4 a6 32. e5 Qxd4 33. Qd8+
Kg7 34. Qxc7+ Kg8 35. Qd8+ Kg7 36. Qg5+ Kf8 37. exd6 Qg7 38. Qd8+ Kf7 39. Qe7+
Kg8 40. Qd8+ Kf7 41. Qe7+ Kg6 42. Be4+ Kh6 43. a4 Bd7 44. Bc2 Qxe7 45. dxe7 Kg5
46. d6 Kf6 47. Kg3 Ke5 48. Bg6 Bxa4 49. Bxh5 Kxd6 50. e8=Q Bxe8 51. Bxe8 Kc5
52. Kf2 Kb4 53. Ke2 a5 54. Kd2 Kb3 55. Kc1 1/2-1/2

[Event "MTO"]
[Site "?"]
[Date "2021.07.28"]
[Round "3.108"]
[White "Kalyan Arjun"]
[Black "Erdos Viktor"]
[Result "1/2-1/2"]
[WhiteElo "2503"]
[BlackElo "2614"]
[PlyCount "52"]
[EventDate "2021.??.??"]
[WhiteTeam "Indien"]
[BlackTeam "Ungarn"]
[WhiteTeamCountry "IND"]
[BlackTeamCountry "HUN"]

1. e4 e5 2. Nf3 Nc6 3. Bc4 Nf6 4. d3 Bc5 5. c3 d6 6. O-O a6 7. a4 h6 8. Re1 O-O
9. h3 Re8 10. Nbd2 Be6 11. Bxe6 Rxe6 12. b4 Ba7 13. Qc2 Qd7 14. Nf1 d5 15. Be3
d4 16. cxd4 Nxd4 17. Nxd4 Bxd4 18. Bxd4 Qxd4 19. Qxc7 Qxd3 20. Qxb7 Qd8 21.
Red1 Qb8 22. Qxb8+ Rxb8 23. Ng3 Rxb4 24. f3 g6 25. a5 Rb5 26. Rdb1 Rc5 1/2-1/2

[Event "MTO"]
[Site "?"]
[Date "2021.07.28"]
[Round "3.109"]
[White "R Praggnanandhaa"]
[Black "Bänziger Fabian"]
[Result "1-0"]
[WhiteElo "2608"]
[BlackElo "2392"]
[PlyCount "113"]
[EventDate "2021.??.??"]
[WhiteTeam "Indien"]
[BlackTeam "Schweiz"]
[WhiteTeamCountry "IND"]
[BlackTeamCountry "SUI"]

1. e4 c5 2. Nc3 d6 3. f4 g6 4. Nf3 Bg7 5. Bb5+ Bd7 6. Bc4 Nc6 7. d3 Nd4 8. Nxd4
cxd4 9. Ne2 e6 10. O-O Ne7 11. Bb3 O-O 12. Qe1 Kh8 13. Kh1 f5 14. Ng1 Nc6 15.
Bd2 fxe4 16. dxe4 e5 17. Qg3 Bh6 18. Ne2 Qe7 19. c3 Na5 20. cxd4 Nxb3 21. Qxb3
exf4 22. e5 Qf7 23. Qxb7 Rab8 24. Qf3 g5 25. Rae1 d5 26. Qa3 Bf5 27. Bb4 Rg8
28. Be7 Rb6 29. Nc3 Rbg6 30. Bf6+ Bg7 31. Qe7 Qxe7 32. Bxe7 Be6 33. h4 gxh4 34.
Rxf4 h3 35. gxh3 Rg3 36. Rh4 Rb8 37. Re2 Rb7 38. Bf6 Kg8 39. Kh2 Bxf6 40. exf6
Rf3 41. Rh6 Bf7 42. Rg2+ Kh8 43. Na4 Rb4 44. Nc5 Rxd4 45. Nd7 Rf5 46. Nf8 Rh5
47. Rxh5 Bxh5 48. Rg7 Rd2+ 49. Kg3 Rxb2 50. Rxa7 Kg8 51. Nxh7 Rb6 52. Rg7+ Kh8
53. Ng5 Rxf6 54. Rh7+ Kg8 55. Rxh5 Ra6 56. Nf3 Rxa2 57. Rxd5 1-0

[Event "MTO"]
[Site "?"]
[Date "2021.07.28"]
[Round "3.110"]
[White "Seul Georg"]
[Black "Murali Karthikeyan"]
[Result "0-1"]
[WhiteElo "2372"]
[BlackElo "2606"]
[PlyCount "102"]
[EventDate "2021.??.??"]
[WhiteTeam "Deutschland"]
[BlackTeam "Indien"]
[WhiteTeamCountry "GER"]
[BlackTeamCountry "IND"]

1. e4 c5 2. Nf3 d6 3. Bc4 Nf6 4. d3 Nc6 5. O-O g6 6. h3 Bg7 7. Nc3 O-O 8. a3
Rb8 9. Be3 Nd7 10. d4 a6 11. Be2 b5 12. d5 Nce5 13. Nxe5 Nxe5 14. Qd2 f5 15.
exf5 Bxf5 16. Rac1 b4 17. axb4 Rxb4 18. f4 Nc4 19. Bxc4 Rxc4 20. Nd1 Rb4 21. c3
Rb3 22. Re1 Qb8 23. Bf2 Qb7 24. Bh4 Rf7 25. Ra1 Bf8 26. Re2 c4 27. Nf2 Rb5 28.
Rd1 a5 29. Qd4 Rxb2 30. Rxb2 Qxb2 31. Qxc4 a4 32. Qxa4 Bc2 33. Qa1 Qxa1 34.
Rxa1 Rxf4 35. Ng4 h5 36. Bg5 Rf5 37. Nh6+ Bxh6 38. Bxh6 Rxd5 39. Re1 Kf7 40. h4
Bf5 41. Bg5 e5 42. Ra1 Ke6 43. Kf2 Rd3 44. Ra3 Be4 45. Ra4 Bc6 46. Ra3 d5 47.
Bc1 Kf5 48. c4 Rxa3 49. Bxa3 d4 50. Bb4 Ke4 51. Ke2 Bb7 0-1

[Event "MTO"]
[Site "?"]
[Date "2021.07.28"]
[Round "3.111"]
[White "Raja Harshit"]
[Black "Tang Andrew"]
[Result "1-0"]
[WhiteElo "2484"]
[BlackElo "2525"]
[PlyCount "43"]
[EventDate "2021.??.??"]
[WhiteTeam "Indien"]
[BlackTeam "Vereinigte Staaten"]
[WhiteTeamCountry "IND"]
[BlackTeamCountry "USA"]

1. d4 Nf6 2. c4 e6 3. Nf3 d5 4. g3 dxc4 5. Bg2 Nc6 6. Qa4 Bd6 7. Ne5 O-O 8.
Nxc6 bxc6 9. O-O Rb8 10. Nd2 Nd5 11. Nxc4 Rb4 12. Qc2 Ba6 13. b3 Rb8 14. a3 c5
15. dxc5 Bxc5 16. Bb2 Qe7 17. Rfd1 Rfd8 18. Na5 Bb5 19. e4 Bb6 20. exd5 Bxa5
21. b4 Bb6 22. a4 1-0

[Event "MTO"]
[Site "?"]
[Date "2021.07.28"]
[Round "3.112"]
[White "Sethuraman S.P."]
[Black "Tahay Alexis"]
[Result "1-0"]
[WhiteElo "2644"]
[BlackElo "2349"]
[PlyCount "65"]
[EventDate "2021.??.??"]
[WhiteTeam "Indien"]
[BlackTeam "Frankreich"]
[WhiteTeamCountry "IND"]
[BlackTeamCountry "FRA"]

1. e4 c5 2. Nf3 d6 3. d4 cxd4 4. Nxd4 Nf6 5. Nc3 a6 6. Be3 e5 7. Nb3 Be6 8. Qd2
Nbd7 9. O-O-O Rc8 10. h3 Be7 11. g4 h6 12. Kb1 b5 13. f4 exf4 14. Bxf4 Ne5 15.
Qg2 Nfd7 16. Nd5 Bg5 17. Bg3 Bh4 18. Bh2 Bxd5 19. exd5 Qc7 20. Nd4 g6 21. Bf4
Kf8 22. Be2 Kg7 23. g5 hxg5 24. Bxg5 Bxg5 25. Qxg5 Qd8 26. Qg3 Nf6 27. h4 Nh5
28. Qe3 Nd7 29. Rhg1 Qe8 30. Qa3 Qe5 31. Rg5 Qf4 32. Nf5+ Kf8 33. Nxd6 1-0

[Event "MTO"]
[Site "?"]
[Date "2021.07.28"]
[Round "3.115"]
[White "Rakhmangulova Anastasiya"]
[Black "Sadhwani Raunak"]
[Result "0-1"]
[WhiteElo "2167"]
[BlackElo "2555"]
[PlyCount "96"]
[EventDate "2021.??.??"]
[WhiteTeam "Ukraine"]
[BlackTeam "Indien"]
[WhiteTeamCountry "UKR"]
[BlackTeamCountry "IND"]

1. e4 e5 2. Nf3 Nc6 3. Nc3 Nf6 4. g3 Bc5 5. Bg2 d6 6. d3 a6 7. O-O Be6 8. Be3
Bxe3 9. fxe3 Ne7 10. Nh4 c6 11. a4 a5 12. d4 Qb6 13. Qd2 Rd8 14. Nf5 Nxf5 15.
exf5 Bc4 16. Rf2 O-O 17. b3 Ba6 18. d5 Rfe8 19. Re1 e4 20. Rf4 Qb4 21. Rd1 Qb6
22. Qd4 c5 23. Qd2 Re5 24. g4 c4 25. g5 Nh5 26. Rh4 g6 27. Bxe4 cxb3 28. cxb3
Rde8 29. Re1 Qxb3 30. Bc2 Qa3 31. Ne4 Rc8 32. Rxh5 gxh5 33. Qg2 Qb2 34. g6 Qxc2
35. gxf7+ Kxf7 36. Nxd6+ Kf6 37. Nxc8 Qxc8 38. e4 Qc5+ 39. Kh1 Qc4 40. Qb2 Qc5
41. Qd2 Qf8 42. Qf2 Kf7 43. Qa2 Ke7 44. Qa3+ Ke8 45. Qg3 Qd6 46. Qg8+ Kd7 47.
Qg3 Kc7 48. Qg8 Bd3 0-1

[Event "MTO"]
[Site "?"]
[Date "2021.07.28"]
[Round "3.116"]
[White "Korpa Bence"]
[Black "Kamber Bruno"]
[Result "1-0"]
[WhiteElo "2536"]
[BlackElo "2275"]
[PlyCount "73"]
[EventDate "2021.??.??"]
[WhiteTeam "Ungarn"]
[BlackTeam "Schweiz"]
[WhiteTeamCountry "HUN"]
[BlackTeamCountry "SUI"]

1. d4 Nf6 2. Nf3 e6 3. Bf4 c5 4. e3 Be7 5. h3 O-O 6. c3 b6 7. Nbd2 d6 8. e4
cxd4 9. cxd4 Ba6 10. Bxa6 Nxa6 11. Qe2 Nb4 12. O-O Rc8 13. a3 Nc6 14. Qd3 e5
15. Be3 exd4 16. Nxd4 Nxd4 17. Bxd4 d5 18. e5 Ne4 19. Nxe4 dxe4 20. Qxe4 Rc4
21. Rad1 Bc5 22. e6 Qe8 23. Qg4 Bxd4 24. Rxd4 f5 25. Qd1 Rxd4 26. Qxd4 Qxe6 27.
Rd1 Re8 28. b4 h6 29. Qd7 a6 30. Qc7 Rc8 31. Qg3 Rf8 32. Rd6 Qe1+ 33. Kh2 f4
34. Qf3 Rb8 35. Qd5+ Kh8 36. Qd4 Kg8 37. Rd7 1-0

[Event "MTO"]
[Site "?"]
[Date "2021.07.28"]
[Round "3.117"]
[White "Gomez Barrera Javiera Belen"]
[Black "Kantor Gergely"]
[Result "1/2-1/2"]
[WhiteElo "2083"]
[BlackElo "2527"]
[PlyCount "74"]
[EventDate "2021.??.??"]
[WhiteTeam "Chile"]
[BlackTeam "Ungarn"]
[WhiteTeamCountry "CHI"]
[BlackTeamCountry "HUN"]

1. e4 e5 2. Nf3 Nc6 3. Bc4 Nf6 4. d3 h6 5. c3 d6 6. a4 g6 7. Qb3 Qe7 8. a5 a6
9. O-O Bg7 10. Re1 O-O 11. Nbd2 Nh5 12. Nf1 Kh7 13. Ne3 f5 14. exf5 gxf5 15. d4
e4 16. Nd5 Qd8 17. Nd2 Ne7 18. Nxe7 Qxe7 19. f3 e3 20. f4 Nxf4 21. Nf3 Nxg2 22.
Kxg2 f4 23. Qc2+ Kh8 24. Kh1 Bg4 25. Qg2 Bf5 26. Qe2 Be4 27. Bd3 Bc6 28. b3 Qf7
29. Bb2 Qxb3 30. Ra3 Qd5 31. Rf1 Qh5 32. c4 d5 33. c5 Rae8 34. Qg2 Re6 35. Rg1
Rg8 36. Raa1 Bb5 37. Bxb5 axb5 1/2-1/2

[Event "MTO"]
[Site "?"]
[Date "2021.07.28"]
[Round "3.118"]
[White "NR Visakh"]
[Black "Blagojevic Tijana"]
[Result "1-0"]
[WhiteElo "2516"]
[BlackElo "2222"]
[PlyCount "115"]
[EventDate "2021.??.??"]
[WhiteTeam "Indien"]
[BlackTeam "Serbien"]
[WhiteTeamCountry "IND"]
[BlackTeamCountry "SRB"]

1. e4 e5 2. Nf3 Nc6 3. Bc4 Bc5 4. c3 Nf6 5. d4 exd4 6. e5 d5 7. Bb5 Ne4 8. cxd4
Bb6 9. Nc3 O-O 10. Be3 Bg4 11. h3 Bh5 12. Qc2 Bg6 13. Qb3 Na5 14. Qxd5 Qe7 15.
Qd7 Qb4 16. O-O c6 17. Nxe4 Bxe4 18. Be2 Qxb2 19. Rfe1 Rad8 20. Qg4 Bxf3 21.
Bxf3 Rxd4 22. Bxd4 Bxd4 23. Qh4 Bxe5 24. Rad1 Bf6 25. Qa4 Qb6 26. Rd7 g6 27.
Qc2 Bd4 28. Rd1 Qb2 29. Be4 Qxc2 30. Bxc2 Bf6 31. Re1 Kg7 32. g3 Rb8 33. Kg2
Nc4 34. Bb3 Ne5 35. Rdd1 g5 36. f4 gxf4 37. gxf4 Ng6 38. Kf3 Nh4+ 39. Kg4 Rg8
40. Kh5 Ng2 41. Re4 Rd8 42. f5 Kf8 43. Rxd8+ Bxd8 44. Rd4 Bf6 45. Rd7 Nf4+ 46.
Kg4 Nd5 47. Bxd5 cxd5 48. Rxb7 a5 49. Rb5 Bc3 50. Rxd5 Kg7 51. Rd6 Bb4 52. Ra6
Bc3 53. h4 Bd2 54. f6+ Kh6 55. h5 Bc3 56. Ra7 Bb4 57. Rxf7 a4 58. Kf5 1-0

[Event "MTO"]
[Site "?"]
[Date "2021.07.28"]
[Round "3.119"]
[White "Mayrhuber Nikola"]
[Black "Shchekachev Andrei"]
[Result "1/2-1/2"]
[WhiteElo "2062"]
[BlackElo "2515"]
[PlyCount "80"]
[EventDate "2021.??.??"]
[WhiteTeam "Österreich"]
[BlackTeam "Frankreich"]
[WhiteTeamCountry "AUT"]
[BlackTeamCountry "FRA"]

1. d4 g6 2. c4 Bg7 3. Nc3 d6 4. e4 Nd7 5. Nf3 e5 6. Be2 Ngf6 7. O-O O-O 8. Qc2
c6 9. d5 Qc7 10. Bg5 a5 11. Rad1 Nc5 12. b3 Bd7 13. a3 h6 14. Bxf6 Bxf6 15. b4
axb4 16. axb4 Na6 17. dxc6 bxc6 18. Qd2 Nxb4 19. c5 d5 20. exd5 Nxd5 21. Bc4
Nxc3 22. Qxc3 Bf5 23. Rd6 Qe7 24. h3 h5 25. Re1 Rfe8 26. Qd2 Kg7 27. Nd4 Bc8
28. Nxc6 Qc7 29. f4 Bh4 30. Rxe5 Bf5 31. Rxe8 Rxe8 32. Qd4+ Kh7 33. Ne5 Qa5 34.
Nf3 Re4 35. Qd5 Re6 36. Rxe6 Bxe6 37. Qd4 Bf6 38. Qxf6 Qxc5+ 39. Kh2 Bxc4 40.
Ng5+ Kg8 1/2-1/2

[Event "MTO"]
[Site "?"]
[Date "2021.07.28"]
[Round "3.120"]
[White "Budisavljevic Luka"]
[Black "Al Hosani Omran"]
[Result "1/2-1/2"]
[WhiteElo "2509"]
[BlackElo "2197"]
[Annotator "olive"]
[PlyCount "32"]
[EventDate "2021.??.??"]
[WhiteTeam "Serbien"]
[BlackTeam "Vereinigte Arabische Emirate"]
[WhiteTeamCountry "SRB"]
[BlackTeamCountry "UAE"]

1. d4 Nf6 2. Nf3 g6 3. Bf4 Bg7 4. e3 d6 5. h3 O-O 6. Be2 c5 7. c3 b6 8. O-O Bb7
9. a4 Nc6 10. Nbd2 Qc7 11. Bh2 Rad8 12. Qc2 Qc8 13. Rac1 Rfe8 14. e4 Nd7 15.
Qb3 Bh6 16. Bc4 e6 {Rest is undecipherable.} 1/2-1/2

[Event "MTO"]
[Site "?"]
[Date "2021.07.28"]
[Round "3.121"]
[White "Küng Nicolas"]
[Black "NR Vignesh"]
[Result "0-1"]
[WhiteElo "2005"]
[BlackElo "2428"]
[PlyCount "144"]
[EventDate "2021.??.??"]
[WhiteTeam "Schweiz"]
[BlackTeam "Indien"]
[WhiteTeamCountry "SUI"]
[BlackTeamCountry "IND"]

1. d4 Nf6 2. c4 e6 3. Nc3 Bb4 4. Qc2 O-O 5. Nf3 d6 6. Bg5 Nbd7 7. e3 b6 8. Be2
Bb7 9. a3 Bxc3+ 10. Qxc3 c5 11. Nd2 h6 12. Bxf6 Qxf6 13. O-O Rac8 14. Rac1 cxd4
15. Qxd4 Qxd4 16. exd4 d5 17. Rfd1 Ba6 18. Kf1 dxc4 19. Nxc4 Nf6 20. Nd6 Bxe2+
21. Kxe2 Rcd8 22. Nb5 Rd7 23. Rd2 Rfd8 24. Rcd1 Nd5 25. Nc3 Ne7 26. f4 f6 27.
Kf3 g5 28. g3 Kf7 29. h3 gxf4 30. gxf4 Rg8 31. Rd3 Ng6 32. Ne2 Nh4+ 33. Kf2
Rg2+ 34. Kf1 Rh2 35. R1d2 Rd8 36. Rc2 Rd7 37. Rcd2 Rc7 38. Kg1 Rg2+ 39. Kf1 Rc4
40. b3 Rc8 41. d5 exd5 42. Rxd5 Rh2 43. Rd7+ Kg8 44. Rd8+ Rxd8 45. Rxd8+ Kf7
46. Rd7+ Kg6 47. Rxa7 Rxh3 48. b4 Rf3+ 49. Kg1 Nf5 50. Kg2 Rb3 51. Ra6 Ne3+ 52.
Kf2 Nc4 53. Ra7 Rxa3 54. Rc7 Nb2 55. Rc6 Nd3+ 56. Kg2 Nxb4 57. Rxb6 Nd5 58. Rb5
Rd3 59. Kf2 h5 60. Rb8 Ne7 61. Rh8 Nf5 62. Rg8+ Kh7 63. Ra8 h4 64. Ra7+ Kg6 65.
Ra8 Nh6 66. Ng1 Ng4+ 67. Ke2 Re3+ 68. Kd2 Rg3 69. Ne2 Rg2 70. Rh8 Nh6 71. Ke1
h3 72. Kf1 Rxe2 0-1

[Event "MTO"]
[Site "?"]
[Date "2021.07.28"]
[Round "3.122"]
[White "Gschnitzer Adrian"]
[Black "Schweizer Simon"]
[Result "1-0"]
[WhiteElo "2420"]
[BlackElo "2142"]
[PlyCount "73"]
[EventDate "2021.??.??"]
[WhiteTeam "Deutschland"]
[BlackTeam "Japan"]
[WhiteTeamCountry "GER"]
[BlackTeamCountry "JPN"]

1. d4 Nf6 2. c4 e6 3. Nc3 Bb4 4. f3 c5 5. d5 O-O 6. e4 d6 7. Nge2 a6 8. Nf4 e5
9. Nfe2 Nh5 10. Be3 f5 11. exf5 e4 12. f4 Bxf5 13. Ng3 Nxg3 14. hxg3 Bxc3+ 15.
bxc3 Qf6 16. Rc1 Qg6 17. Kf2 Bg4 18. Be2 Bxe2 19. Qxe2 Nd7 20. Rb1 Ne5 21. Rh4
b5 22. cxb5 axb5 23. Rxb5 Qe8 24. Rb7 Rf7 25. Rxf7 Qxf7 26. Kg1 Nd3 27. c4 Rb8
28. Qg4 g6 29. Kh2 Rb2 30. Qc8+ Kg7 31. f5 gxf5 32. Bh6+ Kg6 33. Qd8 Rxg2+ 34.
Kxg2 Ne1+ 35. Kf2 Nf3 36. Qxd6+ Qf6 37. Qxf6+ 1-0

[Event "MTO"]
[Site "?"]
[Date "2021.07.28"]
[Round "3.123"]
[White "Haimovich Tal"]
[Black "Kornitzky Tino"]
[Result "1-0"]
[WhiteElo "2388"]
[BlackElo "2083"]
[PlyCount "147"]
[EventDate "2021.??.??"]
[WhiteTeam "Israel"]
[BlackTeam "Deutschland"]
[WhiteTeamCountry "ISR"]
[BlackTeamCountry "GER"]

1. e4 e5 2. Nf3 Nc6 3. Bb5 a6 4. Ba4 Nf6 5. O-O Be7 6. Re1 b5 7. Bb3 d6 8. c3
O-O 9. h3 Bb7 10. d4 Re8 11. Nbd2 Bf8 12. a3 h6 13. Ba2 Nb8 14. d5 c6 15. c4
bxc4 16. dxc6 Bxc6 17. Bxc4 d5 18. exd5 Bxd5 19. Bxd5 Qxd5 20. Ne4 Qc6 21.
Nxf6+ Qxf6 22. Qa4 Qc6 23. Qa5 Nd7 24. Be3 e4 25. Nd4 Qg6 26. Rac1 Ne5 27. Kf1
Rad8 28. Re2 Rd6 29. Rc7 Nd3 30. Qf5 Qxf5 31. Nxf5 Rd5 32. g4 Ne5 33. Rd2 Rxd2
34. Bxd2 Nf3 35. Bc3 g6 36. Nd4 Nxd4 37. Bxd4 Rd8 38. Rc4 f5 39. Ke2 fxg4 40.
hxg4 h5 41. gxh5 gxh5 42. Bc3 Bg7 43. Bxg7 Kxg7 44. Rxe4 Kf6 45. Ra4 Rd6 46.
Ra5 Kg6 47. Kf3 Kh6 48. Kg3 Rg6+ 49. Kh4 Rg4+ 50. Kh3 Rg6 51. b4 Rf6 52. Kg3
Rg6+ 53. Kh4 Rg4+ 54. Kh3 Rg6 55. Rf5 Rc6 56. Rc5 Rf6 57. Kg3 Rg6+ 58. Kh4 Rg4+
59. Kh3 Rf4 60. Rc6+ Kg5 61. Kg2 Rg4+ 62. Kf1 h4 63. Rc3 Rf4 64. Kg2 Rf6 65. a4
Rb6 66. Rc5+ Kg4 67. Rc4+ Kg5 68. Kh3 Rh6 69. Rg4+ Kf5 70. Rxh4 Rc6 71. Kg3
Rc3+ 72. f3 Ra3 73. Rh5+ Kg6 74. Ra5 1-0

[Event "MTO"]
[Site "?"]
[Date "2021.07.28"]
[Round "3.124"]
[White "Papadiamandis Elliot"]
[Black "Sultan Ibrahim"]
[Result "1-0"]
[WhiteElo "2363"]
[BlackElo "2076"]
[PlyCount "89"]
[EventDate "2021.??.??"]
[WhiteTeam "Frankreich"]
[BlackTeam "Vereinigte Arabische Emirate"]
[WhiteTeamCountry "FRA"]
[BlackTeamCountry "UAE"]

1. e4 e6 2. d4 d5 3. Nd2 c5 4. Ngf3 cxd4 5. Nxd4 Nc6 6. Bb5 Bd7 7. Nxc6 bxc6 8.
Bd3 Bd6 9. Qe2 Qc7 10. Nf3 Ne7 11. e5 Bc5 12. O-O a5 13. Bf4 h6 14. c4 Qb6 15.
Rac1 O-O 16. Rc2 Rfc8 17. Qd2 Ng6 18. Bg3 a4 19. h4 Bb4 20. Qc1 Bf8 21. h5 Ne7
22. Bf4 c5 23. Nh2 Nc6 24. Rc3 Nd4 25. Ng4 dxc4 26. Rxc4 Bb5 27. Nxh6+ gxh6 28.
Bxh6 Qd8 29. Bxf8 Qxf8 30. h6 Qd8 31. Qf4 Bxc4 32. Qg4+ Kf8 33. Qg7+ Ke7 34.
Bxc4 Qh8 35. Qg5+ f6 36. Qh4 Rg8 37. Qe4 fxe5 38. Qb7+ Kf6 39. f4 Raf8 40.
fxe5+ Kg5 41. Qe7+ Kh5 42. Rxf8 Rxf8 43. h7 Rf4 44. Bd3 Rg4 45. Qf7+ 1-0

[Event "MTO"]
[Site "?"]
[Date "2021.07.28"]
[Round "3.125"]
[White "J Sai Agni Jeevitesh"]
[Black "Manukonda Arun"]
[Result "1-0"]
[WhiteElo "2322"]
[BlackElo "2033"]
[PlyCount "41"]
[EventDate "2021.??.??"]
[WhiteTeam "Indien"]
[BlackTeam "Indien"]
[WhiteTeamCountry "IND"]
[BlackTeamCountry "IND"]

1. d4 Nf6 2. Nf3 e6 3. c4 Bb4+ 4. Nbd2 b6 5. a3 Bxd2+ 6. Qxd2 Bb7 7. e3 Ne4 8.
Qc2 O-O 9. Be2 d6 10. b4 Nd7 11. Bb2 f5 12. Rd1 Qe7 13. d5 e5 14. O-O c6 15.
Ne1 cxd5 16. f3 Qg5 17. fxe4 Qxe3+ 18. Kh1 fxe4 19. Bc1 Qd4 20. Rxd4 exd4 21.
cxd5 1-0